| 000 | 01545cam a2200349 4500 | ||
|---|---|---|---|
| 001 | J11922 | ||
| 008 | #DATE n2002 000 0 eng u | ||
| 035 | _a(Sirsi) u120189 | ||
| 041 | _aeng | ||
| 050 | _a343.4107 | ||
| 110 |
_aAssociation of British Theatre Technicians _94366 |
||
| 245 | _aModel national standard conditions for places of entertainment and associated guidance | ||
| 260 |
_aBromley _bLDSA publications _c2002 |
||
| 300 |
_avi,120p. _c31cm. |
||
| 520 | _aThis document is intended for the use of Councils when licensing places of entertainment, but also provides valuable guidance for anyone concerned with the management of such venues. Its aim is to achieve a more uniform approach to licensing issues. (Replaces: The Model Rules of Management for Places of Public Entertainment, and the Model Standard Conditions for Places of Entertainment, published by the Local Government Licensing Forum, which are similarly withdrawn). | ||
| 650 | _aENTERTAINMENT | ||
| 650 | _aGAMING | ||
| 650 | _aTHEATRES | ||
| 650 | _aCINEMAS | ||
| 650 | _aLICENSING LAW | ||
| 650 | _aSPORTS STADIA | ||
| 650 | _aTHEATRES ACT 1968 | ||
| 650 | _aCINEMAS ACT 1985 | ||
| 650 | _aLOCAL GOVERNMENT (MISCELLANEOUS PROVISIONS) ACT 1982 S1 | ||
| 650 | _aLOCAL GOVERNMENT ACT 1963 S12 | ||
| 650 | _aPRIVATE PLACES OF ENTERTAINMENT (LICENSING) ACT 1967 | ||
| 650 | _aENTERTAINMENTS LICENCE | ||
| 690 | _aLAW | ||
| 710 |
_aDistrict Surveyors Association _93782 |
||
| 710 |
_aLocal Government Licensing Forum _94367 |
||
| 942 | _n0 | ||
| 999 |
_c102503 _d102503 |
||